000 nam a22 4500
999 _c9232
_d9232
008 180419b ||||| |||| 00| 0 eng d
245 _aFilipinos urged to take action vs climate change.
260 _aPhilippines:
_bManila Bulletin,
_cc2017.
300 _apage B-6.
650 0 _927538
_aClimate chage.
942 _2ddc
_cPER